Helah Musang & lain-lain cerita

Bibliographic Details
Main Author: Nikhila Kilambi
Other Authors: Haslinda Hashim, Nur Syafiqa Yusoff, James, Martin, Kashyap, Martin
Format: Book
Published: Selangor : Edukid Dist. Pub. Sdn. Bhd , 2017
Series:Siri sahabat hutan
Subjects:

MARC

LEADER 00000cam a2200000 7i4500
001 0000075281
005 20220105104330.0
008 170822
020 |a 9789673643912 
090 0 0 |a JP   |b MOR MAL 
100 0 |a Nikhila Kilambi 
245 0 0 |a Helah Musang & lain-lain cerita   |c penulis Nikhila Kilambi; penterjemah Haslinda Hashim; editor Nur Syafiqa Yusoff; illustrator Martin James dan Vijay Kashyap 
260 |a Selangor :   |b Edukid Dist. Pub. Sdn. Bhd ,   |c 2017 
300 |a 16 pg. :   |b col. ill. ; ;   |c 20 cm. 
490 0 |a Siri sahabat hutan 
500 |a Children age 4-6 years old (yellow) 
541 0 0 |c Purchased on 2017 
650 0 |a Children stories, Malay 
650 0 |a Moral   |x juvenile literature   |v fiction. 
700 0 |a Haslinda Hashim 
700 0 |a Nur Syafiqa Yusoff 
700 1 |a James, Martin 
700 1 |a Kashyap, Martin 
999 |a 0001466200   |b Book   |c Children Collection   |e Cawangan Mersing 
999 |a 0001466201   |b Book   |c Children Collection   |e Cawangan Pontian 
999 |a 0001466202   |b Book   |c Children Collection   |e Cawangan Tmn. Ungku Tun Aminah 
999 |a 0001466203   |b Book   |c Children Collection   |e Cawangan Batu Pahat 
999 |a 0001466205   |b Book   |c Children Collection   |e Cawangan Tangkak 
999 |a 0001466206   |b Book   |c Children Collection   |e Cawangan Bandar Tenggara 
999 |a 0001466207   |b Book   |c Children Collection   |e Cawangan Kota Tinggi 
999 |a 0001466208   |b Book   |c Children Collection   |e Cawangan Bukit Gambir 
999 |a 0001466209   |b Book   |c Children Collection   |e Cawangan Segamat 
999 |a 0001466210   |b Book   |c Children Collection   |e Cawangan Taman Universiti 
999 |a 0001466211   |b Book   |c Children Collection   |e Cawangan Taman Sri Lambak 
999 |a 0001466212   |b Book   |c Children Collection   |e Cawangan Sri Merlong 
999 |a 0001466213   |b Book   |c Children Collection   |e Cawangan Bandar Penawar 
999 |a 0001466214   |b Book   |c Children Collection   |e Cawangan Taman Universiti 
999 |a 0001466215   |b Book   |c Children Collection   |e Cawangan Taman Universiti 
999 |a 0001466216   |b Book   |c Children Collection   |e Cawangan Taman Universiti 
999 |a 0001470183   |b Book   |c Children Collection   |e Cawangan AEON Kulaijaya 
999 |a 0001470184   |b Book   |c Children Collection   |e Cawangan Urban Transformation Centre 
999 |a 0001470185   |b Book   |c Children Collection   |e Perbadanan Perpustakaan Awam Johor 
999 |a 0001470186   |b Book   |c Children Collection   |e Perbadanan Perpustakaan Awam Johor 
999 |a 0001470187   |b Book   |c Children Collection   |e Cawangan Urban Transformation Centre